Financial directory 1993-1994 účelová publikácia pre finančný svet ČR a SR
Guardado en:
| Formato: | Libro |
|---|---|
| Lenguaje: | eslovaco checo |
| Publicado: |
Bratislava
Herold Business Data
1993
|
| Materias: | |
| Etiquetas: |
Sin Etiquetas, Sea el primero en etiquetar este registro!
|
MARC
| LEADER | 00000nam a2200000 4500 | ||
|---|---|---|---|
| 001 | c002742 | ||
| 005 | 20221123112403.3 | ||
| 020 | |a 80-85712-02-4 | ||
| 041 | 0 | |a slo | |
| 041 | 0 | |a cze | |
| 044 | |a SK | ||
| 245 | 1 | 0 | |a Financial directory 1993-1994 |b účelová publikácia pre finančný svet ČR a SR |
| 264 | 1 | |a Bratislava |b Herold Business Data |c 1993 | |
| 300 | |a 141 s. | ||
| 610 | 2 | 0 | |a banky |
| 610 | 2 | 0 | |a poisťovne |
| 610 | 2 | 0 | |a burzy |
| 610 | 2 | 0 | |a spoločnosti lízingové |
| 610 | 2 | 0 | |a spoločnosti investičné |
| 610 | 2 | 0 | |a IPF |
| 610 | 2 | 0 | |a poradcovia daňoví |
| 610 | 2 | 0 | |a úrady finančné |
| 610 | 2 | 0 | |a úrady daňové |
| 610 | 2 | 0 | |a Česko |
| 610 | 2 | 0 | |a Slovensko |
| 610 | 2 | 0 | |a 1993-1994 |